The Buddhist Heritage of Pakistan (Record no. 30362)
[ view plain ]
| 000 -LEADER | |
|---|---|
| fixed length control field | 00468nam a2200133 4500 |
| 020 ## - INTERNATIONAL STANDARD BOOK NUMBER | |
| International Standard Book Number | 978-969-9532-04-7 |
| 082 ## - DEWEY DECIMAL CLASSIFICATION NUMBER | |
| Classification number | 294.30954 |
| Author Mark | SHA |
| 245 ## - TITLE STATEMENT | |
| Title | The Buddhist Heritage of Pakistan |
| 260 ## - PUBLICATION, DISTRIBUTION, ETC. | |
| Place of publication, distribution, etc. | Pakistan |
| Name of publisher, distributor, etc. | Constellation Plus |
| Date of publication, distribution, etc. | [N.D] |
| 300 ## - PHYSICAL DESCRIPTION | |
| Extent | 130p. : |
| Other physical details | ill. ; |
| 700 ## - ADDED ENTRY--PERSONAL NAME | |
| Personal name | Dr. Safdar Ali Shah, & Syed Javaid A. Kazi |
| 942 ## - ADDED ENTRY ELEMENTS (KOHA) | |
| Koha item type | Book |
| Withdrawn status | Lost status | Damaged status | Not for loan | Permanent Location | Current Location | Date acquired | Total Checkouts | Full call number | Barcode | Date last seen | Price effective from | Koha item type |
|---|---|---|---|---|---|---|---|---|---|---|---|---|
| School of Natural Sciences (SNS) | School of Natural Sciences (SNS) | 05/26/2016 | 294.30954 SAF | SNS0002156 | 05/26/2016 | 05/26/2016 | Book |
